00325 a2200109 4500001000700000020000600007040001100013100004100024240007300065245006800138362000900206170383 a  cMagnum aMinisterio da Educacao e do Desporto10aSinopse estatistica/1996 - brasil/regioes/unidades da federacaolpor10aSinopse estatistica/1996 - brasil/regioes/unidades da federacao0 a1899